[Event "Porto San Giorgio Weekend-B 15th"]
[Site "Porto San Giorgio"]
[Date "2012.11.17"]
[Round "1"]
[White "Borzi, Rosario"]
[Black "Ramini, Luigi"]
[Result "1-0"]
[WhiteElo "1551"]
[BlackElo "1777"]
[PlyCount "53"]
[EventDate "2012.11.17"]
[EventType "swiss"]
[EventRounds "6"]
[EventCountry "ITA"]
[SourceTitle "EXT 2024"]
[Source "ChessBase"]
[SourceDate "2023.10.10"]
[SourceVersion "1"]
[SourceVersionDate "2023.10.10"]
[SourceQuality "1"]

1. d4 d5 2. Nf3 Nf6 3. e3 Bf5 4. Bd3 Bxd3 5. Qxd3 e6 6. Nbd2 c6 7. 0-0 Bd6 8. b3 Na6 9. a3 0-0 10. Bb2 Re8 11. Rac1 Qe7 12. b4 Rad8 13. Rfe1 Nc7 14. c4 Qd7 15. e4 dxe4 16. Nxe4 Nxe4 17. Rxe4 f5 18. Rh4 Be7 19. Rh3 Bf6 20. Rd1 e5 21. Nxe5 Bxe5 22. dxe5 Qe6 23. Qe2 Qxc4 24. Qxc4+ Kh8 25. Rxd8 Rxd8 26. g3 Nd5 27. Qh4 1-0

[Event "ITA-ch Amateur C"]
[Site "Civitanova Marche"]
[Date "2012.07.22"]
[Round "8"]
[White "Ramini, Luigi"]
[Black "Mondaini, Roberto"]
[Result "1/2-1/2"]
[WhiteElo "1763"]
[BlackElo "1740"]
[PlyCount "126"]
[EventDate "2012.07.15"]
[EventType "swiss"]
[EventRounds "8"]
[EventCountry "ITA"]
[SourceTitle "EXT 2024"]
[Source "ChessBase"]
[SourceDate "2023.10.10"]
[SourceVersion "1"]
[SourceVersionDate "2023.10.10"]
[SourceQuality "1"]

1. d4 e6 2. Nf3 f5 3. c4 Nf6 4. Nc3 d5 5. Ne5 Be7 6. Bf4 0-0 7. e3 c6 8. c5 Qe8 9. Be2 h6 10. h4 Bd7 11. h5 Bd8 12. b4 Ne4 13. Nxe4 fxe4 14. Qa4 a6 15. f3 exf3 16. gxf3 Rf5 17. Ng6 Bg5 18. Bd3 Bxf4 19. Nxf4 e5 20. dxe5 Qxe5 21. Kf2 Rg5 22. Rag1 Bf5 23. Rxg5 hxg5 24. Ng6 Qb2+ 25. Be2 Bd3 26. Re1 Nd7 27. Qb3 Qxb3 28. axb3 Bc2 29. Rg1 Bxg6 30. hxg6 a5 31. Ra1 Kf8 32. Bd3 Ke7 33. Bf5 Ne5 34. f4 gxf4 35. exf4 Kf6 36. Bc2 Nxg6 37. Kg3 Ne7 38. bxa5 Nf5+ 39. Kf2 Nd4 40. Bd1 Ne6 41. Ke3 Nxc5 42. Bc2 Re8+ 43. Kf3 d4 44. Rd1 Nxb3 45. Bxb3 Re3+ 46. Kg4 Rxb3 47. Rxd4 Rb5 48. Rd6+ Ke7 49. Rg6 Kf7 50. Rd6 Rd5 51. Rxd5 cxd5 52. Kf5 d4 53. Ke4 Ke6 54. Kxd4 Kf5 55. Ke3 g6 56. Kf3 Kf6 57. Ke4 Ke6 58. Kf3 Kf6 59. Kg4 Ke6 60. Kg5 Kf7 61. Kh4 Ke6 62. Kg4 Ke7 63. Kf3 Kf6 1/2-1/2

[Event "Porto San Giorgio Weekend-B 14th"]
[Site "Porto San Giorgio"]
[Date "2011.11.27"]
[Round "6"]
[White "Ramini, Luigi"]
[Black "Silvestri, Giorgio"]
[Result "1/2-1/2"]
[WhiteElo "1754"]
[BlackElo "1730"]
[PlyCount "102"]
[EventDate "2011.11.19"]
[EventType "swiss"]
[EventRounds "6"]
[EventCountry "ITA"]
[SourceTitle "EXT 2024"]
[Source "ChessBase"]
[SourceDate "2023.10.10"]
[SourceVersion "1"]
[SourceVersionDate "2023.10.10"]
[SourceQuality "1"]

1. d4 Nf6 2. Bg5 e6 3. e4 Be7 4. Bxf6 Bxf6 5. c3 e5 6. dxe5 Bxe5 7. Nf3 Qe7 8. Bd3 0-0 9. 0-0 d6 10. Nbd2 Bg4 11. Qc2 Nd7 12. Rfe1 Nc5 13. Nxe5 dxe5 14. Bc4 c6 15. f3 Be6 16. Be2 b5 17. b4 Na4 18. a3 Rfd8 19. Red1 Rd7 20. c4 a6 21. c5 Rad8 22. Nb3 Bxb3 23. Qxb3 Rd2 24. Kf1 R8d4 25. Rxd2 Rxd2 26. Rd1 Qd8 27. Rxd2 Qxd2 28. Qd1 Qxd1+ 29. Bxd1 Kf8 30. Ke1 Ke7 31. Kd2 Kd7 32. g3 g5 33. h4 h6 34. hxg5 hxg5 35. Bb3 f6 36. Ke3 Ke7 37. f4 Nc3 38. Bc2 exf4+ 39. gxf4 gxf4+ 40. Kxf4 Ne2+ 41. Ke3 Nc3 42. Kd3 Na4 43. Kd4 Nb2 44. Bb3 Na4 45. Bxa4 bxa4 46. e5 f5 47. Ke3 Kf7 48. Kf3 Ke7 49. Kg3 Kf7 50. Kf3 Ke7 51. Ke3 Kf7 1/2-1/2

[Event "Porto San Giorgio Weekend-B 14th"]
[Site "Porto San Giorgio"]
[Date "2011.11.20"]
[Round "3"]
[White "Ramini, Luigi"]
[Black "Bonoli, Luciano"]
[Result "1-0"]
[WhiteElo "1754"]
[BlackElo "1764"]
[PlyCount "107"]
[EventDate "2011.11.19"]
[EventType "swiss"]
[EventRounds "6"]
[EventCountry "ITA"]
[SourceTitle "EXT 2024"]
[Source "ChessBase"]
[SourceDate "2023.10.10"]
[SourceVersion "1"]
[SourceVersionDate "2023.10.10"]
[SourceQuality "1"]

1. d4 Nf6 2. Bg5 e6 3. e4 Be7 4. Nd2 d6 5. Bd3 c6 6. c3 0-0 7. Qc2 Ng4 8. Bxe7 Qxe7 9. Ndf3 f5 10. 0-0-0 fxe4 11. Bxe4 Nf6 12. Bd3 h6 13. Nh4 Qc7 14. h3 d5 15. Ne2 e5 16. dxe5 Ne4 17. Bxe4 dxe4 18. Qxe4 Be6 19. Nf4 Bxa2 20. Nhg6 Re8 21. Qd4 Na6 22. Qd7 Qxd7 23. Rxd7 b6 24. Ne7+ Kh7 25. Nf5 Rg8 26. Rhd1 Nc5 27. Re7 Raf8 28. g4 Nb3+ 29. Kc2 Nc5 30. Rd6 Bb3+ 31. Kb1 Rf7 32. Rxf7 Bxf7 33. b4 Ne4 34. Rd7 Bg6 35. Nxg6 Kxg6 36. Ne7+ Kf7 37. Nxg8+ Kxg8 38. Rd3 Nxf2 39. Rf3 Ne4 40. Kc2 a5 41. e6 Nf6 42. h4 axb4 43. e7 Kf7 44. g5 hxg5 45. hxg5 Kxe7 46. gxf6+ gxf6 47. cxb4 Ke6 48. Kd3 f5 49. Rf1 Ke5 50. Ra1 Kd5 51. Ra8 f4 52. Rd8+ Ke5 53. Rb8 b5 54. Rf8 1-0

[Event "Porto San Giorgio Weekend-B 14th"]
[Site "Porto San Giorgio"]
[Date "2011.11.19"]
[Round "1"]
[White "Ramini, Luigi"]
[Black "Claudino, Da Graca Carlos"]
[Result "1/2-1/2"]
[WhiteElo "1754"]
[BlackElo "1616"]
[PlyCount "58"]
[EventDate "2011.11.19"]
[EventType "swiss"]
[EventRounds "6"]
[EventCountry "ITA"]
[SourceTitle "EXT 2024"]
[Source "ChessBase"]
[SourceDate "2023.10.10"]
[SourceVersion "1"]
[SourceVersionDate "2023.10.10"]
[SourceQuality "1"]

1. d4 Nf6 2. Bg5 e6 3. e4 Be7 4. Bd3 d5 5. e5 Nfd7 6. Bxe7 Qxe7 7. f4 Qb4+ 8. Qd2 Qxb2 9. Ne2 Nc6 10. Qc3 Qxc3+ 11. Nbxc3 a6 12. a3 b5 13. Na2 Nb6 14. Nb4 Bd7 15. c3 Nc4 16. 0-0 0-0 17. Ng3 a5 18. Nxc6 Bxc6 19. Nh5 Be8 20. Ng3 f5 21. exf6 Rxf6 22. Rf3 g6 23. Nf1 Bd7 24. h4 Raf8 25. g3 c6 26. Ra2 a4 27. Nh2 h5 28. Nf1 Kg7 29. Ne3 Nd6 1/2-1/2